LEADER 01298nam0 22003013i 450 001 SUN0096708 005 20140211012223.332 010 $a978-88-217-2672-9$d0.00 100 $a20140206d2007 |0itac50 ba 101 $aita 102 $aIT 105 $a|||| ||||| 200 1 $aˆI ‰soggetti esclusi dal fallimento$ele procedure concorsuali$edalla piccola impresa al consumatore$fa cura di Michele Sandulli 210 $aMilanofiori, Assago$cIPSOA$d2007 215 $aXII, 225 p.$d24 cm. 410 1$1001SUN0075258$12001 $aˆLa ‰riforma fallimentare$v6$1210 $a[Milanofiori, Assago]$cIPSOA. 606 $aProcedure concorsuali$2FI$3SUNC000956 606 $aFallimento$xLegislazione$2FI$3SUNC000960 620 $dMilanofiori, Assago$3SUNL000012 676 $a346.45$cDiritto privato. Italia$v22 702 1$aSandulli$b, Michele$3SUNV008576 712 $aIPSOA$3SUNV000032$4650 801 $aIT$bSOL$c20181109$gRICA 912 $aSUN0096708 950 $aUFFICIO DI BIBLIOTECA DEL DIPARTIMENTO DI ECONOMIA$d03 PREST IVCg4 $e03 31343 995 $aUFFICIO DI BIBLIOTECA DEL DIPARTIMENTO DI ECONOMIA$bIT-CE0106$h31343$kPREST IVCg4$op$qa 996 $aSoggetti esclusi dal fallimento$91023138 997 $aUNICAMPANIA